| 000 | 00746nam0a22002411 4500 | ||
|---|---|---|---|
| 001 | rc\724150 | ||
| 005 | 20250621230536.0 | ||
| 010 |
_a5-88105-098-3 _930000 |
||
| 035 | _a(NLR Aleph) 005967395 | ||
| 090 |
_a6907392 _c6907392 |
||
| 100 | _a20031121d1997 |||y0rusy50 ca | ||
| 101 | 0 | _arus | |
| 102 | _aRU | ||
| 105 | _aa ||||||||| | ||
| 200 | 1 |
_aФантазеры _e[Рассказы для детей] _fНиколай Носов _gРис. Нины Красовитовой |
|
| 210 |
_aМ. _cМартин _d1997 |
||
| 215 |
_a207 с. _cил. _d22 |
||
| 700 | 1 |
_aНосов _bН.Н. _f1908-1976 _gНиколай Николаевич |
|
| 801 | 0 |
_aRU _bNLR _gpsbo |
|
| 801 | 1 |
_aRU _bELAR _2rusmarc |
|
| 852 |
_aNLR _j97-5/1847 |
||
| 942 | _cBOOK | ||
| 980 | _aNB | ||